00293nam a2200121Ia 4500008004100000041000800041082000800049100001300057245004900070260003200119300000800151520001200159221007s9999 xx 000 0 und d aeng bTOL aTolani J aClassification of goods Under Central Excise c2007bPune UniversityaPune a85p aJumde A